Fr. Conceicao Rodrigues College of Engineering

Unified Modeling lang User Guide (Record no. 27200)

MARC details
000 -LEADER
fixed length control field 00326nam a2200145Ia 4500
082 ## - DEWEY DECIMAL CLASSIFICATION NUMBER
Classification number 5.117
Item number boo/rum
100 ## - MAIN ENTRY--PERSONAL NAME
Personal name Booch G/ Rumbaugh/ James
245 ## - TITLE STATEMENT
Title Unified Modeling lang User Guide
260 ## - PUBLICATION, DISTRIBUTION, ETC.
Name of publisher, distributor, etc. Addison Wesley Pub
Date of publication, distribution, etc. 1999
300 ## - PHYSICAL DESCRIPTION
Extent 482
546 ## - LANGUAGE NOTE
Language note ENGLISH
654 ## - SUBJECT ADDED ENTRY--FACETED TOPICAL TERMS
Focus term computer
942 ## - ADDED ENTRY ELEMENTS (KOHA)
Koha item type BOOK
Holdings
Withdrawn status Lost status Damaged status Not for loan Collection Home library Current library Date acquired Total Checkouts Full call number Barcode Date last seen Price effective from Koha item type
        CRC Fr. Agnel's C.Rodrigues College of Engineering Fr. Agnel's C.Rodrigues College of Engineering 17/03/2023   5.117 boo/rum 11086 17/03/2023 17/03/2023 BOOK